[Event "Karvina op"]
[Site "Karvina"]
[Date "1992.??.??"]
[Round "3"]
[White "Sikora Lerch, Jan"]
[Black "Kachur, Alexander"]
[Result "0-1"]
[WhiteElo "2395"]
[BlackElo "2315"]

1.e4 c5 2.Nf3 Nc6 3.Nc3 e5 4.g3 Nge7 5.Bg2 g6 6.O-O Bg7 7.Ne2 d5 8.d3 h6
9.Nd2 O-O 10.exd5 Nxd5 11.Ne4 b6 12.f4 Be6 13.fxe5 Nxe5 14.Nf4 Nxf4 15.Bxf4 Qd4+
16.Nf2 Qxb2 17.Bxa8 Rxa8 18.Bxe5 Qxe5 19.Qd2 Bd5 20.Rae1 Qh5 21.Qf4 Bd4 22.g4 Qh3
23.Qg3 Qxg3+ 24.hxg3 Bxa2 25.c4 a5 26.Re7 a4 27.Rfe1 Kf8 28.Rb7 Bb3 29.Rxb6 Bc2
30.Rd6 Bb2 31.Ne4 a3 32.Nxc5 a2 33.Rd5 Kg7 34.d4 Rb8 35.Nd7 Rd8 36.Ra5 Bxd4+
37.Kg2 a1=Q 38.Raxa1 Bxa1 39.Rxa1 Rxd7 40.Rc1 Rd2+  0-1

[Event "Katerini op"]
[Site "Katerini"]
[Date "1992.??.??"]
[Round "?"]
[White "Hector, Jonny"]
[Black "Bellin, Robert"]
[Result "1/2-1/2"]
[WhiteElo "2535"]
[BlackElo "2395"]

1.e4 c5 2.Nf3 Nc6 3.Nc3 d6 4.d4 cxd4 5.Nxd4 Nf6 6.Bc4 Bd7 7.h3 e6 8.O-O a6
9.Re1 Be7 10.Bf1 Rc8 11.Bg5 O-O 12.Nf3 Qc7 13.a4 Rfd8 14.Qe2 h6 15.Bf4 e5
16.Bh2 Be6 17.Qe3 Qa5 18.g4 Nb4 19.Rac1 Qc5  1/2-1/2

[Event "Katerini op"]
[Site "Katerini"]
[Date "1992.??.??"]
[Round "?"]
[White "Fernandez, Jose"]
[Black "Nikolaidis, Konstantinos"]
[Result "1/2-1/2"]
[WhiteElo "2210"]
[BlackElo "2245"]

1.e4 c5 2.Nf3 Nc6 3.Nc3 Nf6 4.Bb5 d6 5.e5 Ng4 6.exd6 Qxd6 7.O-O Bd7 8.Ne4 Qd5
9.d3 a6 10.c4 Qf5 11.Ng3 Qf6 12.Ne4 Qf5 13.Ng3 Qf6 14.Bxc6 Bxc6 15.Ng5 Ne5
16.N5e4 Bxe4 17.Nxe4 Qc6 18.Nxc5 Rd8 19.b4 e6 20.Bg5 f6 21.Qh5+ Ng6 22.Nxe6 fxg5
23.Rfe1 Be7 24.b5 axb5 25.cxb5 Qb6 26.Rac1 Rf8 27.d4 Rxd4 28.Qxh7 Nf4 29.Rc8+ Kd7
30.Rxf8 Qxe6 31.Qb1 Ne2+ 32.Kf1 Bxf8 33.Rxe2 Qd5 34.Re1 Bb4 35.Rc1 Ba3 36.Re1 Bb4
37.Rc1 Ba3 38.Re1 Bb4  1/2-1/2

[Event "Katowice op"]
[Site "Katowice"]
[Date "1992.??.??"]
[Round "9"]
[White "Moroz, Alexander"]
[Black "Sherbakov, Ruslan"]
[Result "0-1"]
[WhiteElo "2410"]
[BlackElo "2495"]

1.e4 c5 2.Nf3 Nc6 3.Nc3 e5 4.Bc4 d6 5.d3 Be7 6.Ng5 Bxg5 7.Qh5 Be7 8.Qxf7+ Kd7
9.Be6+ Kc7 10.Nd5+ Kb8 11.Bxc8 Kxc8 12.Qxg7 Bf6 13.Qf7 Qd7 14.Qf8+ Bd8 15.c3 Nce7
16.b4 Nxd5 17.exd5 Qe7 18.Qf5+ Qd7 19.Qf8 cxb4 20.cxb4 b5 21.d4 Kb7 22.Qf3 exd4
23.O-O Ne7 24.Re1 Ng6 25.Bb2 Rf8 26.Qd1 Bb6 27.Bxd4 Ne5 28.h3 Rf7 29.Re4 Rg8
30.Kh1 Rfg7 31.Bxe5 dxe5 32.g4 h5 33.Rxe5 hxg4 34.Qe2 g3 35.Re6 Qxd5+  0-1

[Event "JUG-ch"]
[Site "Kladovo"]
[Date "1992.??.??"]
[Round "1"]
[White "Kontic, Djordje"]
[Black "Radosavljevic, Slobodan"]
[Result "1-0"]
[WhiteElo "2375"]
[BlackElo "2295"]

1.e4 c5 2.Ne2 Nc6 3.Nbc3 g6 4.d4 cxd4 5.Nxd4 Bg7 6.Be3 Nf6 7.Bc4 O-O 8.Bb3 d6
9.f3 Bd7 10.h4 Qa5 11.Qd2 Rfc8 12.O-O-O Ne5 13.Kb1 b5 14.Ncxb5 Qxd2 15.Rxd2 Rab8
16.a4 a6 17.Na3 Be8 18.Ne2 Nfd7 19.Nc3 Nc5 20.Ka2 Nc6 21.Bxc5 dxc5 22.Nc4 Rb7
23.h5 Rcb8 24.h6 Bh8 25.Rhd1 Kf8 26.f4 Bd4 27.Ne2 f6 28.Nxd4 cxd4 29.Ka3 Bf7
30.Rd3 Rb4 31.Nd2 e5 32.Bxf7 Kxf7 33.Nb3 a5 34.fxe5 Nxe5 35.Rxd4 Nc4+ 36.Ka2 Rxa4+
37.Kb1 Rab4 38.Rd7+ Ke6 39.R1d5 Rxb3 40.cxb3 Rxb3 41.Rc7 Rxb2+ 42.Kc1 Rb4
43.Rc6+ Ke7 44.Rd4 Ne5 45.Rc7+ Ke6 46.Rxb4 axb4 47.Rxh7 Nf7 48.Kc2 f5 49.exf5+ gxf5
50.Kb3 Kf6 51.Kxb4 Kg6 52.Rg7+ Kf6 53.Kc5 Nxh6 54.Rh7 Ng4 55.Kd4 Kg5 56.g3 Kg6
57.Rh8 Kg7 58.Ra8 Kf6 59.Rf8+ Kg5 60.Kd5 Ne3+ 61.Ke5 Kg4 62.Rg8+ Kh3 63.Kf4 Nf1
64.Ra8 Kh2 65.Ra1  1-0

[Event "JUG-ch"]
[Site "Kladovo"]
[Date "1992.??.??"]
[Round "4"]
[White "Milenkovic, Mladen"]
[Black "Zakic, Srdjan"]
[Result "1/2-1/2"]
[WhiteElo "2235"]
[BlackElo "2345"]

1.e4 c5 2.Nf3 Nc6 3.Nc3 Nf6 4.d4 cxd4 5.Nxd4 e5 6.Ndb5 d6 7.Nd5 Nxd5 8.exd5 Nb8
9.c4 Be7 10.Bd3 a6 11.Nc3 O-O 12.O-O f5 13.f4 Nd7 14.Kh1 g6 15.Be3 Bf6 16.Rc1 exf4
17.Bxf4 Be5 18.Ne2 Qe7 19.b4 b6 20.Qb3  1/2-1/2

[Event "JUG-ch"]
[Site "Kladovo"]
[Date "1992.??.??"]
[Round "5"]
[White "Kontic, Djordje"]
[Black "Ujhazi, Ivan"]
[Result "1/2-1/2"]
[WhiteElo "2375"]
[BlackElo "2330"]

1.e4 c5 2.Ne2 Nc6 3.Nbc3 g6 4.d4 cxd4 5.Nxd4 Bg7 6.Be3 Nf6 7.Bc4 O-O 8.Bb3 a5
9.a4 Ng4 10.Qxg4 Nxd4 11.Qh4 Nxb3 12.cxb3 e6 13.Bg5 f6 14.Bh6 d5 15.Bxg7 Kxg7
16.exd5 exd5 17.O-O Be6 18.Rfe1 Ra6 19.b4 axb4 20.Qxb4 Rf7 21.Nb5 Rd7 22.Nd4 Bf7
23.Qd2 Re7 24.b4 Rxe1+ 25.Qxe1 Qe8 26.Qxe8 Bxe8 27.b5 Ra5 28.Kf1 Kf7 29.Ke2 Ke7
30.Kd3 Kd6 31.Kc3 Bd7 32.Kb4 b6 33.Ra3 Ra8 34.Rf3 Rc8 35.Rxf6+ Ke7 36.Rxb6 Rc4+
37.Kb3 Rxd4 38.a5 Rd1 39.Kb2 Rd4 40.Kb3 Rd1 41.Kb2 d4 42.a6 d3 43.a7 Ra1
44.Ra6 Rxa6 45.bxa6 Bc6 46.f3 h5 47.h4 Kd6 48.Kc3 Kc5 49.Kxd3 Kb6 50.Kd4 Kxa7
51.Ke5 Kxa6 52.Kf6 Be8 53.Ke7 Bb5 54.Kf6 Be8 55.Ke7  1/2-1/2

[Event "JUG-ch"]
[Site "Kladovo"]
[Date "1992.??.??"]
[Round "6"]
[White "Milenkovic, Mladen"]
[Black "Filipovic, Branko"]
[Result "0-1"]
[WhiteElo "2235"]
[BlackElo "2400"]

1.e4 c5 2.Nc3 Nc6 3.Nf3 e5 4.Bc4 Be7 5.O-O d6 6.Ne1 Nf6 7.d3 O-O 8.a3 Be6
9.Bxe6 fxe6 10.b3 Qe8 11.Bg5 Qg6 12.Bxf6 Rxf6 13.Ne2 Raf8 14.Ng3 Qf7 15.Nh1 Rh6
16.c3 g5 17.Ra2 Bd8 18.Nc2 Kh8 19.Ne3 b5 20.Ng3 b4 21.c4 a5 22.Ne2 Rf6 23.Ng4 Rg6
24.a4 h5 25.Ne3 g4 26.Ng3 h4 27.Nh1 Qf4 28.Nc2 Qg5 29.Rb2 Rf7 30.Rb1 Rh7
31.Qc1 Qh5 32.Qe3 Bg5 33.Qe2 h3 34.g3 Rf7 35.Rbd1 Rf3 36.Rb1 Rgf6 37.Ra1 Qh6
38.Rab1 Kh7 39.Ra1 Kg6 40.Rab1 Kh5 41.Rbd1 Rf7 42.Rb1 Bd2 43.Rb2 Bc3 44.Ra2 Rf8
45.Rd1 Nd8 46.Rb1 Nf7 47.Rf1 Ng5 48.Ne3 Bd4 49.Rc2 Bxe3  0-1

[Event "JUG-ch"]
[Site "Kladovo"]
[Date "1992.??.??"]
[Round "8"]
[White "Jevtic, Miodrag"]
[Black "Ivanovic, Bozidar"]
[Result "1/2-1/2"]
[WhiteElo "2380"]
[BlackElo "2470"]

1.e4 c5 2.Nf3 Nc6 3.Nc3 d6 4.d4 cxd4 5.Nxd4 Nf6 6.g3 g6 7.Bg2 Nxd4 8.Qxd4 Bg7
9.O-O O-O 10.Qb4 Qc7 11.Qb3 a5 12.a4 Bd7 13.Be3 Rfc8 14.h3 Be6 15.Nd5 Nxd5
16.exd5 Bf5 17.c3 Bd3 18.Rfe1 b5 19.axb5 Bc4 20.Qa4 Qb7 21.b6 h5 22.Rad1 h4
23.g4 Bf6 24.b3 Ba6 25.c4 Qb8 26.Rd3 Rd8 27.g5 Bg7 28.f4 Bc8 29.Bf2 Bf5 30.Be4 Bd7
31.Qa2 Ra6 32.Kg2 Rxb6 33.Bxb6 Qxb6 34.Qf2 Qb4 35.Rc1 Rb8 36.f5 Qa3 37.Rf1 Rxb3
38.Rxb3 Qxb3 39.fxg6 Qxh3+ 40.Kg1 fxg6 41.Bxg6 Bd4 42.Qxd4 Qg3+ 43.Kh1  1/2-1/2

[Event "JUG-ch"]
[Site "Kladovo"]
[Date "1992.??.??"]
[Round "10"]
[White "Milenkovic, Mladen"]
[Black "Ujhazi, Ivan"]
[Result "1-0"]
[WhiteElo "2235"]
[BlackElo "2330"]

1.e4 c5 2.Ne2 Nc6 3.Nbc3 g6 4.d4 cxd4 5.Nxd4 Bg7 6.Be3 Nf6 7.Bc4 O-O 8.Bb3 a5
9.f3 d5 10.Bxd5 Nxd5 11.exd5 Nb4 12.Nde2 Bf5 13.Rc1 b5 14.a3 Nxc2+ 15.Rxc2 Bxc2
16.Qxc2 b4 17.Na4 Qxd5 18.Nb6 Qe6 19.Kf2 Rab8 20.Nf4 Qa2 21.axb4 axb4 22.Rd1 b3
23.Qe2 Rfd8 24.Nfd5 e6 25.Ne7+ Kh8 26.Nd7 Rb7 27.Ne5 Rf8 28.Nxf7+ Rxf7 29.Rd8+ Rf8
30.Rxf8+ Bxf8 31.Bd4+ Bg7 32.Qe5  1-0

[Event "JUG-ch"]
[Site "Kladovo"]
[Date "1992.??.??"]
[Round "10"]
[White "Vujadinovic, Goran"]
[Black "Todorovic, Goran N"]
[Result "1-0"]
[WhiteElo "2345"]
[BlackElo "2410"]

1.Nf3 c5 2.e4 Nc6 3.Nc3 g6 4.d4 cxd4 5.Nxd4 Bg7 6.Be3 Nf6 7.Bc4 O-O 8.Bb3 d6
9.h3 Qa5 10.O-O Bd7 11.f4 Qh5 12.Nf3 b5 13.a3 a5 14.Nd5 Be6 15.Qd3 a4 16.Nxf6+ Bxf6
17.Bxe6 fxe6 18.c3 Rab8 19.Kh2 d5 20.e5 Bh8 21.g4 Qh6 22.Ng5 Nd8 23.Qd4 Rc8
24.Qb6 Rc6 25.Qxb5 d4 26.cxd4 Rc2+ 27.Kg3 Qg7 28.Rac1 Rxc1 29.Bxc1 h6 30.Nf3 g5
31.fxg5 Qg6 32.Qe2 Nc6 33.gxh6 Rd8 34.Be3 Qe4 35.h7+ Kg7 36.Bh6+  1-0

[Event "JUG-ch"]
[Site "Kladovo"]
[Date "1992.??.??"]
[Round "13"]
[White "Kontic, Djordje"]
[Black "Djukic, Zeljko"]
[Result "1-0"]
[WhiteElo "2375"]
[BlackElo "2395"]

1.e4 c5 2.Ne2 Nc6 3.Nbc3 e6 4.g3 Nf6 5.Bg2 Be7 6.O-O O-O 7.h3 a6 8.Kh1 Rb8
9.f4 d5 10.e5 Nd7 11.d4 b5 12.Be3 Qb6 13.Bg1 Bb7 14.a3 Rfc8 15.Na2 a5 16.c3 b4
17.axb4 axb4 18.f5 cxd4 19.cxd4 Ba6 20.Nac1 g6 21.fxe6 fxe6 22.h4 Rf8 23.Rxf8+ Rxf8
24.Nd3 Nd8 25.Nef4 Rf7 26.Qd2 Nf8 27.Be3 Bc4 28.Qd1 b3 29.Bh3 Qb5 30.Ra8 Qb7
31.Qa1 Bxd3 32.Nxd3 Rf3 33.Bh6 Rxd3 34.Bxf8 Kxf8 35.Rxd8+ Bxd8 36.Qf1+ Kg7
37.Qxd3 Qb6 38.Qf3 Be7 39.Kg2 h5 40.Qf2 Qc6 41.g4 hxg4 42.Bxg4 Qc2 43.Bxe6 Qxf2+
44.Kxf2 Ba3 45.Bxd5 Bxb2 46.Ke3 Ba3 47.Bxb3 Be7 48.d5 Bxh4 49.d6 Bg3 50.Ke4 Kf8
51.Ba4 Bh4 52.e6 Bf6 53.Kd5  1-0

[Event "Kuopio op"]
[Site "Kuopio"]
[Date "1992.??.??"]
[Round "4"]
[White "Balashov, Yuri S"]
[Black "Dragomarezkij, Evgeni"]
[Result "1/2-1/2"]
[WhiteElo "2550"]
[BlackElo "2415"]

1.e4 c5 2.Nc3 Nc6 3.Bb5 Nd4 4.Nf3 e6 5.O-O Ne7 6.Nxd4 cxd4 7.Ne2 Nc6 8.c3 Bc5
9.b4 Bb6 10.Bb2 dxc3 11.Bxc3 O-O 12.d4 d5 13.e5 a5 14.a3  1/2-1/2

[Event "Kuopio op"]
[Site "Kuopio"]
[Date "1992.??.??"]
[Round "6"]
[White "Fedorov, Vladislav"]
[Black "Dragomarezkij, Evgeni"]
[Result "1/2-1/2"]
[WhiteElo "2405"]
[BlackElo "2415"]

1.e4 c5 2.Nc3 Nc6 3.Nf3 d6 4.d4 cxd4 5.Nxd4 Nf6 6.Bc4 Qb6 7.Nb3 e6 8.O-O Be7
9.a4 O-O 10.a5 Qc7 11.Bd3 Ne5 12.f4 Nxd3 13.cxd3 Bd7 14.Be3 Bc6 15.h3 e5
16.Qf3 Qd7 17.Qf2 a6 18.Nd2 Bb5 19.Nc4 Bxc4 20.dxc4 Qc6 21.Nd5 Bd8 22.fxe5 dxe5
23.Qe2 Rc8 24.Rac1 Nxd5 25.exd5 Qd6 26.Qd2 f5 27.c5 Qg6 28.c6 bxc6 29.dxc6 Kh8
30.Qd5 Bc7 31.Bb6 e4 32.Bxc7 Rxc7 33.Qxe4 h6 34.Qc4 Rb8 35.b4 Qd6 36.Rf4 Re7  1/2-1/2

[Event "Kuopio op"]
[Site "Kuopio"]
[Date "1992.??.??"]
[Round "8"]
[White "Ristoja, Thomas W"]
[Black "Ebeling, Mika"]
[Result "1/2-1/2"]
[WhiteElo "2245"]
[BlackElo "2375"]

1.e4 c5 2.Nc3 Nc6 3.Nf3 e5 4.Bc4 d6 5.d3 Be7 6.Nd5 Nf6 7.c3 Nxd5 8.Bxd5 O-O
9.h3 Be6 10.O-O Bf6 11.Bxe6 fxe6 12.Be3 Re8 13.d4 exd4 14.cxd4 cxd4 15.Nxd4 d5
16.exd5 exd5 17.Qd2 Re4 18.Nf3 d4 19.Bg5 Bxg5 20.Nxg5 Re5 21.f4 Rd5 22.Qd3 g6
23.Rae1 Qd7 24.a3 Re8 25.Rxe8+ Qxe8 26.Ne4 Kg7 27.Rf2 Qd7 28.g4 Ne7 29.Re2 a6
30.Ng5 Nc6 31.b4 Kh8 32.Ne4 Qf7 33.Ng5 Qd7 34.Ne4 Qf7  1/2-1/2

[Event "Kuopio op"]
[Site "Kuopio"]
[Date "1992.??.??"]
[Round "8"]
[White "Fedorov, Vladislav"]
[Black "Kveinys, Aloyzas"]
[Result "0-1"]
[WhiteElo "2405"]
[BlackElo "2545"]

1.e4 c5 2.Nc3 Nc6 3.Nf3 e6 4.Bb5 Nge7 5.O-O a6 6.Bxc6 Nxc6 7.d4 cxd4 8.Nxd4 d6
9.Be3 Be7 10.a4 O-O 11.Qe2 Qc7 12.Rad1 Bd7 13.f4 Rfe8 14.Nb3 Nb4 15.a5 Rac8
16.Qf2 d5 17.Bb6 Qc4 18.Rd4 Qc6 19.Rfd1 Bf8 20.e5 Be7 21.Ra1 Rf8 22.Ra4 f6
23.exf6 Rxf6 24.Raxb4 Bxb4 25.Rxb4 e5 26.Bc5 Qe6 27.Qd2 d4 28.Ne4 Rxf4 29.Rxd4 Qf7
30.h3 exd4 31.Nd6 Rf1+ 32.Kh2  0-1

[Event "Liechtenstein op"]
[Site "Liechtenstein"]
[Date "1992.??.??"]
[Round "?"]
[White "Atlas, Valeri"]
[Black "Schmittdiel, Eckhard"]
[Result "1/2-1/2"]
[WhiteElo "2435"]
[BlackElo "2485"]

1.e4 c5 2.Nf3 Nc6 3.Nc3 e5 4.Bc4 g6 5.d3 Bg7 6.Nd5 Nge7 7.Bg5 h6 8.Bf6 Bxf6
9.Nxf6+ Kf8 10.Nd5 d6 11.Qd2 Nxd5 12.Bxd5 Qf6 13.h4 Kg7 14.Ng1 Ne7 15.c4 Nxd5
16.cxd5 a5 17.Ne2 Bd7 18.Qe3 Rhc8 19.Rc1 Rc7 20.f3 h5 21.g3 b5 22.Rh2 b4
23.Rf2 Rac8 24.f4 exf4 25.Qxf4 Qe7 26.Kd2 c4 27.Rcf1 Bh3 28.Re1 cxd3 29.Nd4 Bd7
30.Kxd3 f6 31.Ref1 Rf8 32.Rc1 Rxc1 33.Qxc1 Re8 34.Qf4 Rc8 35.Rc2 Rxc2 36.Kxc2 Qd8
37.Kd3 Qb6 38.Qc1 Kh7 39.Qc2 Kg8 40.Qc1 Qa6+ 41.Qc4 Qb6 42.Kd2 Kf7 43.Qd3 Qc5
44.Qe3 Qc4 45.b3 Qf1 46.Nc2 Bg4 47.Ne1 Kg8 48.Kc2 Qh1 49.Nd3 Qd1+ 50.Kb2 Qf3
51.Qxf3 Bxf3 52.Nf2 f5 53.exf5 gxf5 54.a3 bxa3+ 55.Kxa3 Kg7 56.Nd3 Bxd5 57.b4 axb4+
58.Kxb4 Kf6 59.Kc3 Bf3 60.Kd4 Ke6  1/2-1/2

[Event "Liechtenstein op"]
[Site "Liechtenstein"]
[Date "1992.??.??"]
[Round "?"]
[White "Kamber, Bruno"]
[Black "Ginting, Nasib"]
[Result "1/2-1/2"]
[WhiteElo "2290"]
[BlackElo "2430"]

1.e4 c5 2.Nc3 Nc6 3.Bb5 Nd4 4.Bc4 g6 5.Nce2 Bg7 6.Nxd4 cxd4 7.c3 Qa5 8.Nf3 dxc3
9.dxc3 Nf6 10.Qe2 d6 11.O-O O-O 12.Re1 Qh5 13.h3 b6 14.e5 dxe5 15.Nxe5 Qxe2
16.Rxe2 Bb7 17.Bg5 Rad8 18.Rae1 Bd5 19.Bxd5 Rxd5 20.c4 Rd6 21.Ng4 h5 22.Nxf6+ exf6
23.Bd2 Rfd8 24.Bb4 Rd1 25.Rxd1 Rxd1+ 26.Re1 Rd4 27.b3 a5 28.Bc3 Rd3 29.Re3 Rd1+
30.Re1 Rd3 31.Re3 Rd1+  1/2-1/2

[Event "Liechtenstein op"]
[Site "Liechtenstein"]
[Date "1992.??.??"]
[Round "7"]
[White "Ciric, Dragoljub M"]
[Black "Honfi, Karoly"]
[Result "1/2-1/2"]
[WhiteElo "2375"]
[BlackElo "2335"]

1.e4 c5 2.Nf3 Nc6 3.Nc3 g6 4.d4 cxd4 5.Nxd4 Bg7 6.Be3 Nf6 7.Bc4 O-O 8.O-O d6
9.h3 Bd7 10.Bb3 Qa5 11.f4 Nxd4 12.Bxd4 Bc6 13.Qd3 Nd7 14.Bxg7 Kxg7 15.Kh1 f6
16.Bd5 Nc5 17.Qe3 Qb6 18.b3 e6 19.Bxc6  1/2-1/2

[Event "Lisbon-chB"]
[Site "Lisbon"]
[Date "1992.??.??"]
[Round "9"]
[White "Damaso, Rui"]
[Black "Guimaraes, Jorge"]
[Result "1-0"]
[WhiteElo "2450"]
[BlackElo "2305"]

1.e4 c5 2.Nf3 Nc6 3.Nc3 Nf6 4.Bb5 Qc7 5.O-O g6 6.Re1 a6 7.Bxc6 Qxc6 8.d4 d6
9.d5 Qc7 10.e5 dxe5 11.Nxe5 Qd6 12.Nc4 Qd8 13.Bf4 Bg7 14.Bd6  1-0

[Event "Madrid"]
[Site "Madrid"]
[Date "1992.??.??"]
[Round "1"]
[White "San Segundo, Pablo"]
[Black "Karpov, Anatoly"]
[Result "0-1"]
[WhiteElo "2415"]
[BlackElo "2725"]

1.e4 c5 2.Nc3 Nc6 3.Nf3 e6 4.Bb5 Nge7 5.O-O a6 6.Bxc6 Nxc6 7.d4 cxd4 8.Nxd4 d6
9.Nxc6 bxc6 10.Qg4 Rb8 11.Qg3 h5 12.h3 h4 13.Qd3 Be7 14.Na4 O-O 15.c4 d5
16.b3 d4 17.Bf4 Rb7 18.c5 f6 19.Bh2 Rb5 20.Rac1 a5 21.Rfd1 e5 22.Qc4+ Kh7
23.f4 Qe8 24.Rf1 Qg6 25.Kh1 Rb4 26.Qe2 f5 27.exf5 Bxf5 28.Qxe5 Bf6 29.Qc7 Re8
30.Rf2 d3 31.Qxa5 Rbe4 32.Bg1 Bd4  0-1

[Event "Madrid"]
[Site "Madrid"]
[Date "1992.??.??"]
[Round "4"]
[White "Romero Holmes, Alfonso"]
[Black "Epishin, Vladimir"]
[Result "1-0"]
[WhiteElo "2490"]
[BlackElo "2620"]

1.e4 c5 2.Nf3 Nc6 3.Nc3 d6 4.d4 cxd4 5.Nxd4 Nf6 6.Bg5 e6 7.Qd2 Be7 8.O-O-O O-O
9.Nb3 a6 10.f4 Kh8 11.Qe1 Qc7 12.Qh4 Rd8 13.Rd3 e5 14.f5 d5 15.Rh3 Kg8 16.exd5 Bxf5
17.dxc6 Bxh3 18.cxb7 Qxb7 19.Qxh3 Nd5 20.Bxe7 Qxe7 21.Nxd5 Rxd5 22.Bc4 Rd6
23.Rf1 Rad8 24.a3 g6 25.Qf3 Rf8 26.Bd5 Kg7 27.c4 f5 28.Re1 h5 29.Kb1 e4 30.Qc3+ Kh7
31.Nd4 Rc8 32.Qe3 Qf6 33.Ne2 Rb6 34.Nc3 Rcb8 35.Re2 f4 36.Qc1 e3 37.c5 Qf5+
38.Ka1 Rf6 39.c6 Qe5 40.Qc2 Kh6 41.Qe4 Qd6 42.g3 g5 43.h4 gxh4 44.gxf4 Qxf4
45.Qxf4+ Rxf4 46.Be6 Rff8 47.Rxe3 Rbe8 48.c7 Kg5 49.Nd5 Rxe6 50.Rxe6 h3 51.Ne7 h2
52.Re1 Kg4 53.c8=Q+ Rxc8 54.Nxc8 Kf3 55.Ne7 h4 56.Nf5 h3 57.Ne3  1-0

[Event "Manila ol (Men)"]
[Site "Manila"]
[Date "1992.??.??"]
[Round "?"]
[White "Salazar, Hernan"]
[Black "Bellon Lopez, Juan Manuel"]
[Result "1-0"]
[WhiteElo "2380"]
[BlackElo "2435"]

1.e4 c5 2.Nc3 Nc6 3.Nge2 e5 4.Nd5 b5 5.a4 b4 6.Ng3 Nf6 7.Bc4 Na5 8.Nxf6+ Qxf6
9.Bd5 Bb7 10.Bxb7 Nxb7 11.d3 g6 12.O-O h5 13.f4 Nd8 14.Kh1 Bh6 15.fxe5 Qxe5
16.Bxh6 Rxh6 17.Qd2 Rh7 18.c3 Ne6 19.Ne2 a5 20.d4 bxc3 21.bxc3 Qxe4 22.d5 Nc7
23.Nf4 Kd8 24.Rae1 Qc4 25.d6 Na6 26.Nd5 Rb8 27.Qe3 Rh8 28.Qe5 Rg8 29.Ne7  1-0

[Event "Manila ol (Men)"]
[Site "Manila"]
[Date "1992.??.??"]
[Round "?"]
[White "Al Modiahki, Mohamad"]
[Black "Orr, Mark J L"]
[Result "1-0"]
[WhiteElo "2290"]
[BlackElo "2380"]

1.e4 c5 2.Nf3 Nc6 3.Nc3 e5 4.Bc4 Be7 5.O-O d6 6.d3 Bg4 7.h3 Bh5 8.Nd5 Nf6
9.c3 O-O 10.g4 Bg6 11.Nxe7+ Nxe7 12.Bg5 Nd7 13.Nh4 Kh8 14.Nxg6+ fxg6 15.Qd2 Nf6
16.f4 exf4 17.Rxf4 d5 18.exd5 Nexd5 19.Rf3 Nb6 20.Bb3 Qd6 21.Raf1 Nfd7 22.Rxf8+ Rxf8
23.Rxf8+ Qxf8 24.Qf4 Qe8 25.Qe3 Qxe3+ 26.Bxe3 Ne5 27.Bc2 Nbd7 28.Kf2 Kg8
29.Bf4 Kf7 30.Ke3 Kf6 31.g5+ Ke7 32.Ke4 Nf7 33.Kd5 b6 34.d4 cxd4 35.cxd4 Nf8
36.Bd2 a5 37.b4 Ne6 38.h4 Nfd8 39.bxa5 bxa5 40.Bxa5 Nf4+ 41.Ke4 Ng2 42.d5 Nf7
43.Bb4+ Kd8 44.d6 Nxh4 45.Kd5 Nf5 46.Ba5+ Ke8 47.Bxf5 gxf5 48.Kc6 f4 49.d7+ Ke7
50.Kc7 h6 51.g6 Nd8 52.Bb4+  1-0

[Event "Mar del Plata op"]
[Site "Mar del Plata"]
[Date "1992.??.??"]
[Round "6"]
[White "Cristobal, Ruben"]
[Black "Mendez, Ernesto"]
[Result "1-0"]
[WhiteElo "2225"]
[BlackElo "2345"]

1.e4 c5 2.Ne2 Nc6 3.Nbc3 Nf6 4.g3 d5 5.exd5 Nd4 6.Nxd4 cxd4 7.Nb5 e5 8.Qe2 Bd6
9.Bg2 O-O 10.O-O Bg4 11.Bf3 Bxf3 12.Qxf3 a6 13.Nxd6 Qxd6 14.c4 e4 15.Qf5 Rfe8
16.b3 Re5 17.Ba3 Qc7 18.Qf4 Rae8 19.Bb2 Qd7 20.f3 Rf5 21.Qh4 exf3 22.Qxd4 Re2
23.Rf2 Rxf2 24.Qxf2 Ng4 25.Qd4 Re5 26.Rf1 Qf5 27.h3  1-0

[Event "Capablanca mem-C"]
[Site "Matanzas"]
[Date "1992.??.??"]
[Round "6"]
[White "Perez, Rodney"]
[Black "Alonso, Rene"]
[Result "1/2-1/2"]
[WhiteElo "2285"]
[BlackElo "2395"]

1.e4 c5 2.Nf3 Nc6 3.Nc3 g6 4.d4 cxd4 5.Nxd4 Bg7 6.Be3 Nf6 7.Be2 O-O 8.O-O d5
9.exd5 Nxd5 10.Nxd5 Qxd5 11.Bf3 Qa5 12.Bxc6 bxc6 13.Qf3 Bd7 14.Nb3 Qf5 15.Qxf5 Bxf5
16.c3 Rab8 17.Bc5 a5  1/2-1/2

[Event "Capablanca mem-C"]
[Site "Matanzas"]
[Date "1992.??.??"]
[Round "8"]
[White "Perez, Rodney"]
[Black "Ochoa de Echaguen, F Javier"]
[Result "1/2-1/2"]
[WhiteElo "2285"]
[BlackElo "2410"]

1.e4 c5 2.Nf3 Nc6 3.Nc3 Nf6 4.d4 cxd4 5.Nxd4 e5 6.Ndb5 d6 7.Nd5 Nxd5 8.exd5 Nb8
9.c4 a6 10.Nc3 Be7 11.Be2 O-O 12.O-O f5 13.f3 Bg5 14.a3 Nd7 15.b4 b6 16.Bxg5 Qxg5
17.Qc1 Qd8  1/2-1/2

[Event "Melitopol Cup (Women)"]
[Site "Melitopol"]
[Date "1992.??.??"]
[Round "6"]
[White "Saunina, Ludmila"]
[Black "Kovalevskaya, Ekaterina"]
[Result "1/2-1/2"]
[WhiteElo "2165"]
[BlackElo "2260"]

1.e4 c5 2.Nc3 Nc6 3.Nge2 Nf6 4.g3 d5 5.exd5 Nxd5 6.Bg2 Nxc3 7.Nxc3 e6 8.O-O Be7
9.d3 O-O 10.Ne4 Qd7 11.Ng5 h6 12.Nf3 Bf6 13.Be3 Bxb2 14.Bxc5 Bxa1 15.Bxf8 Bf6
16.Ba3 b6 17.Qb1 Bb7 18.Bb2 Nd4 19.Bxd4 Bxd4 20.Nxd4 Bxg2 21.Kxg2 Qxd4 22.Re1 Rc8
23.Re2 Rc5 24.f3  1/2-1/2

[Event "Mesa op"]
[Site "Mesa"]
[Date "1992.??.??"]
[Round "?"]
[White "Morovic Fernandez, Ivan"]
[Black "Hoffman, Alejandro"]
[Result "1-0"]
[WhiteElo "2565"]
[BlackElo "2445"]

1.e4 c5 2.Nc3 Nc6 3.Nge2 g6 4.g3 Bg7 5.Bg2 e5 6.d3 Nge7 7.O-O O-O 8.Be3 d6
9.f4 Nd4 10.Qd2 Be6 11.Rf2 Qd7 12.Raf1 Rac8 13.Nc1 exf4 14.Bxf4 d5 15.Bh6 dxe4
16.Nxe4 f5 17.Bxg7 Kxg7 18.Ng5 Bg8 19.Ne2 Nec6 20.Nf3 Nxf3+ 21.Bxf3 b6 22.Bg2 Bf7
23.Bxc6 Qxc6 24.h4 Qf6 25.h5 Bd5 26.Nf4 Bb7 27.Re2 Rfe8 28.Rfe1 Qc6 29.Kh2 Kf7
30.c4 Qf3 31.Re3 Qg4 32.Kg1 g5 33.Nd5 Bxd5 34.cxd5 Qxh5 35.d6 Red8 36.Re7+ Kg8
37.Qc3  1-0

[Event "Mesa op"]
[Site "Mesa"]
[Date "1992.??.??"]
[Round "?"]
[White "Morovic Fernandez, Ivan"]
[Black "Barlov, Dragan"]
[Result "1/2-1/2"]
[WhiteElo "2565"]
[BlackElo "2460"]

1.e4 c5 2.Nc3 Nc6 3.Nge2 e5 4.Nd5 Nce7 5.Nec3 Nxd5 6.Nxd5 Nf6 7.Bc4 Be7 8.O-O d6
9.d3 Be6 10.Nxf6+ Bxf6 11.Bxe6 fxe6 12.Qh5+ g6 13.Qg4 Qe7 14.Be3 O-O 15.c3 Kg7
16.Rad1 h5 17.Qe2 d5 18.Bc1 Kh7 19.exd5 exd5 20.f4  1/2-1/2

[Event "Mlada Boleslav op"]
[Site "Mlada Boleslav"]
[Date "1992.??.??"]
[Round "5"]
[White "Walek, Milan"]
[Black "Babula, Vlastimil"]
[Result "1/2-1/2"]
[WhiteElo "2280"]
[BlackElo "2380"]

1.e4 c5 2.Ne2 Nc6 3.Nbc3 e5 4.g3 d6 5.Bg2 g6 6.O-O Bg7 7.Nd5 Nge7 8.Nec3 Nxd5
9.Nxd5 Ne7 10.Nxe7 Qxe7 11.d3 O-O 12.Be3  1/2-1/2

[Event "Montevideo ITT"]
[Site "Montevideo"]
[Date "1992.??.??"]
[Round "7"]
[White "Playa, Marcelo"]
[Black "Rivera, Daniel"]
[Result "1/2-1/2"]
[WhiteElo "2390"]
[BlackElo "2290"]

1.e4 c5 2.Nc3 Nc6 3.Nf3 e5 4.Bb5 d6 5.Bxc6+ bxc6 6.h3 g6 7.O-O Bg7 8.d3 Ne7
9.Nd2 O-O 10.f3 f5 11.Ne2 Be6 12.c3 Qd7 13.b3 Rf7 14.Qe1 Nc8 15.Qf2 Nb6 16.Rb1 Qe7
17.Ba3 Bh6 18.Rfd1 Bg5 19.Kh1 Qf8 20.Qg1 Qh6 21.Nf1 Be7 22.Nh2 Nd7 23.d4 fxe4
24.fxe4 Raf8 25.dxc5 Nxc5 26.Bxc5 dxc5 27.Rf1 Qd2 28.Rxf7 Rxf7 29.Qd1 Qe3
30.Ng1 Qxe4 31.Qe1 Qf4 32.Qe2 e4 33.Rf1 Qe5 34.Rxf7 Bxf7 35.Ng4 Qf4 36.g3 Qg5
37.h4 Qh5 38.Nh3 Be6 39.Nhf2 Kg7 40.c4 Bf5 41.Kg2 Bf6 42.Kh3 Bxg4+ 43.Qxg4 e3
44.Qxh5 gxh5 45.Nd3 Bc3 46.Kg2 e2 47.Kf2 e1=Q+ 48.Nxe1 Bxe1+ 49.Kxe1 Kf6
50.Ke2 Kf5 51.Kf3 a6 52.a3 a5 53.a4 Ke5 54.Ke3 h6 55.Kd3 Kf5 56.Ke3 Ke5  1/2-1/2

[Event "Moscow3"]
[Site "Moscow"]
[Date "1992.??.??"]
[Round "?"]
[White "Muhutdinov, Marat"]
[Black "Shvedchikov, Anatoli I"]
[Result "1-0"]
[WhiteElo "2440"]
[BlackElo "2330"]

1.e4 c5 2.Nf3 Nc6 3.Nc3 g6 4.d4 cxd4 5.Nxd4 Bg7 6.Be3 Nf6 7.Bc4 d6 8.f3 Qb6
9.Nf5 Qxb2 10.Nxg7+ Kf8 11.Nd5 Nxd5 12.Bxd5 Kxg7 13.O-O Qc3 14.Qc1 h5 15.Rb1 f6
16.Rb3 Qa5 17.Qb2 Qc7 18.f4 Rb8 19.e5 dxe5 20.Bxc6 Qxc6 21.fxe5 Rf8 22.exf6+ exf6
23.Rc3 Qe8 24.Rc7+ Bd7 25.Bxa7 Rc8 26.Rxb7 Rf7 27.Bd4 Qe4 28.Rxf6 Rxf6 29.Bxf6+ Kf8
30.Qe5 Qxe5 31.Bxe5 Bf5 32.c3 Ra8 33.a3 Ke8 34.Bd6 Rd8 35.Re7+ Kf8 36.Bb4 Kg8
37.a4 Rd1+ 38.Kf2 Ra1 39.a5 Ra2+ 40.Ke3 h4 41.c4  1-0

[Event "Alekhine op"]
[Site "Moscow"]
[Date "1992.??.??"]
[Round "?"]
[White "Gipslis, Aivars"]
[Black "Kurajica, Bojan"]
[Result "1/2-1/2"]
[WhiteElo "2465"]
[BlackElo "2590"]

1.e4 c5 2.Nf3 Nc6 3.Nc3 e6 4.Bb5 Nd4 5.Bd3 Ne7 6.Nxd4 cxd4 7.Ne2 Nc6 8.O-O d5
9.Nf4 dxe4 10.Bxe4 g6 11.c4 Bg7 12.g3 e5 13.Nd5 f5 14.Bg2 d3 15.b4 e4 16.Rb1 b5
17.f3 bxc4 18.fxe4 O-O 19.b5 Nd4 20.Ba3 Rf7 21.Qa4 Be6 22.Qxc4 Rd7 23.Qc5 Bxd5
24.exd5 Rc8 25.Qb4 Rxd5 26.Qe7 Rxb5 27.Rxb5 Nxb5 28.Qxd8+ Rxd8 29.Be7 Rd7
30.Bb4 Nd4 31.Rb1 Bf8 32.Kf2 Bxb4 33.Rxb4 Kf7 34.Ra4 Ke6 35.Ra6+ Ke5 36.Ra5+ Kf6
37.Bf1 Ne6 38.Ke3 g5 39.Bxd3 f4+ 40.gxf4 gxf4+ 41.Ke2 Nd4+ 42.Kd1 f3 43.Ke1 Ne6
44.Rf5+ Ke7 45.Rxf3 Kd6 46.Rh3 Ke5 47.Bxh7 Ng5 48.Re3+ Kf4 49.Bd3 Nf3+ 50.Kd1 Nxh2
51.Be2 Ng4 52.Bxg4 Kxg4 53.d3 Kf5 54.Kd2 Rb7 55.Kc3 Rc7+ 56.Kb3 Rb7+ 57.Kc3 Rc7+
58.Kd4 Rd7+ 59.Kc4 Rc7+ 60.Kb5 Rb7+ 61.Ka6 Rd7 62.a4 Kf4 63.Re4+ Kf5 64.a5 Rxd3
65.Re7 Kf6 66.Rxa7 Ke6 67.Rh7 Kd6 68.Kb7 Rb3+ 69.Kc8 Rc3+ 70.Kd8 Ra3 71.a6 Kc6  1/2-1/2